| 000 | 00670cam a2200229 a 4500 | ||
|---|---|---|---|
| 001 | 1115777 | ||
| 005 | 20171215075627.0 | ||
| 008 | 930729s1983 enka 000 0 eng | ||
| 010 | _a 93184155 | ||
| 020 | _a024051209X | ||
| 040 |
_aDLC _cDLC _dDLC |
||
| 041 | _aeng | ||
| 080 | _a791.450232 MIL | ||
| 082 | 0 | 0 |
_a791.450232 MIL _220 |
| 100 | 1 | _a39 | |
| 101 | _aMED | ||
| 245 | 1 | 0 |
_aEffective TV production / _cGerald Millerson. |
| 504 | _aBibliography: p. 186. | ||
| 906 |
_a7 _bcbc _corignew _d3 _encip _f19 _gy-gencatlg |
||
| 942 |
_2ddc _cBK |
||
| 999 |
_c39020 _d39020 |
||